01716nam a2200289Ia 450000500170000000800570001702000180007404100080009208200190010010000440011924500660016325000180022930000250024749000360027250000660030850507440037465000270111865000300114565000410117565000200121665000340123626400330127033600270130333700330133033800280136304000350139120220317000029.000003022009 ck g spa spa a9789583003608 aspa04a398.9861bA18r1 aAcuña Tapias, Luis Albertod1904-199310aRefranero colombianobmil y un refranescLuis Alberto Acuña a1a. edición a181 páginasc20 cm aBiblioteca de temas colombianos aIncluye glosario, vocabulario y datos biográficos del autor aDe la virtud y del vicio Del dinero y los negocios Del amor y del matrimonio De Dios y del diablo De los hombres y las mujeres De la higiene y la salud De la buena y de la mala fortuna De los amigos y de los enemigos De la sabiduría y de la ignorancia Del buen y del mal tiempo De la juventud y de la vejez De la ley de la injusticia De las supersticiones y de los agüeros De la herencia o del poder del atavismo De los padre e hijos y otras cuestiones familiares De los caballos, perros y otros animales Del altruismo y del egoísmo De las apariencias y de los engaños De las profesiones y de los oficios De la buena fama y mala reputación De las advertencias y de los consejos De los wellerismos colombianos142LEMBaCultura popular 142LEMBaFolclor colombiano 142LEMBaPoesía popularvColecciones 142LEMBaRefranes 142LEMBaProverbios colombianos  aBogotábPanamericanac2009 atextobtxt2rdacontent asin mediaciónbn2rdamedia avolumenbnc2rdacarrier aCO-BoRNBPbspaerdacCO-BoRNBP